Famous Tensomes Quiz Stats

Quiz not verified by Sporcle

Challenge
Share
Tweet
Embed
Score 0/85 Timer 14:00
0 Plays Today
% Correct
Freedom of religion, speech, press, assembly, and petition
61.5%
Locusts
60.8%
Vietnam
59.8%
Right to bear arms
56.6%
University of Michigan
56.2%
Indonesia
56.1%
Thailand
54.9%
Laos
54.9%
You shall not murder
54.5%
Ohio State University
52.5%
Cambodia
50.2%
You shall not steal
49.2%
Frogs
48%
Michigan State University
47.4%
University of Illinois at Urbana-Champaign
47.2%
Indiana University
47.1%
University of Iowa
46.7%
University of Wisconsin–Madison
45.8%
Malaysia
45.6%
Water to blood
45.6%
University of Minnesota
44.9%
You shall not covet your neighbor's wife; You shall not covet anything that belongs to your neighbor
44.2%
Death of first-born
43.9%
Philippines
43%
Pennsylvania State University
42.9%
Singapore
42.3%
History, geography, and biography
41.6%
Myanmar
39.7%
Purdue University
38.7%
% Correct
Science
37.6%
Northwestern University
37.3%
You shall not commit adultery
35%
You shall not bear false witness against your neighbor
31.1%
Honor your father and mother
30.9%
Brunei
27%
Literature
24.8%
Darkness
24.7%
Boils
24.5%
Criminal trial by jury, rights of the accused, speedy trial, public trial, right to counsel
23.7%
Hail and fire
22.4%
Remember the Sabbath and keep it holy
21%
Methane
20.7%
You shall not make for yourself an idol
18.7%
Due process, double jeopardy, self-incrimination, eminent domain
18.7%
Religion
18.6%
You shall not take the name of the Lord in vain
18.4%
Ethane
18.2%
Flies
18.2%
Octane
16.8%
Disease on livestock
16.8%
Butane
16.1%
Propane
15.5%
Safety first. I.e. don't burn the building down.
15.1%
You shall have no other gods before me
15%
Protection from quartering of troops
14.7%
Civil trial by jury
14.3%
Hexane
14.2%
Language
13.8%
% Correct
Pentane
13.7%
Nonane
13.7%
Decane
13.7%
Heptane
13.1%
Protection from unreasonable search and seizure
13.1%
Arts and recreation
12.7%
Lice
12.3%
Prohibition of excessive bail and cruel and unusual punishment
12%
Powers of states and people
10.8%
Philosophy and Psychology
9.3%
Social Sciences
7.7%
Technology
4.5%
Equal liability of all labor
4.2%
You have to play to win, but you also have to win, to play.
3.8%
Computer science, information, and general works
3.6%
Free education
3.3%
Rights not specifically enumerated in the Bill of Rights
2.8%
Heavy progressive income tax
2.8%
Adapt, react, re-adapt, act.
2%
Abolition of property in land
1.7%
In business, image is everything.
1.5%
Combination of agriculture and manufacturing industries; more equitable distribution of population
1.2%
Centralization of means of communication and transport
0.6%
Extension of means of production owned by the State; Common plan for land
0.6%
Abolition of right of inheritance
0.5%
Confiscation of the property of emigrants and rebels
0.5%
Centralization of credit in the hands of the State
0.4%

You're not logged in!

Compare scores with friends on all Sporcle quizzes.
Sign Up with Email
OR
Log In

You Might Also Like...

Show Comments

Extras

Top Quizzes Today


Score Distribution

Your Account Isn't Verified!

In order to create a playlist on Sporcle, you need to verify the email address you used during registration. Go to your Sporcle Settings to finish the process.

Report this User

Report this user for behavior that violates our Community Guidelines.

Details: